| 000 | 00000nam##2200000za#4500 |
| 001 | 9.681217 |
| 003 | CaOODSP |
| 005 | 20250611103643 |
| 007 | ta |
| 008 | 150407|2000||||xxc||||| f|0| 0 fre|d |
| 020 | |a0-662-84948-5 |
| 040 | |aCaOODSP|bfre |
| 043 | |an-cn--- |
| 086 | 1 |aA15-2028/2000F |
| 110 | 1 |aCanada. |bAgriculture et agroalimentaire Canada. |
| 245 | 10|aRapport sur les options: réduire les émissions de gaz à effet de serre issues de l'agriculture canadienne / |cPréparé par la Table de concertation de l'agriculture et de l'agroalimentaire sur le changement climatique. |
| 260 | |aOttawa - Ontario : |bAgriculture et Agroalimentaire Canada |c2000. |
| 300 | |aviii, 70p. : |bréférences, tableaux ; |c28 cm. |
| 500 | |aLe contenu a été publié antérieurement par le Secrétariat national du changement climatique sous le même titre, et signalé dans la Liste hebdomadaire 2000 N° 21 (le 26 mai 2000) «Le rapport présente les activités et les analyses de la Table de concertation de l'agriculture et de l'agro-alimentaire. Il décrit des options permettant de réduire les émissions agricoles nettes de GES dans le cadre d'une stratégie nationale visant à remplir les engagements pris en vertu du Protocole de Kyoto. Les options relatives au secteur de la transformation des aliments sont présentées dans un autre document.»--Introduction. |
| 500 | |aAuparavant traité sous le n° de catalogue M22-132/1-2000F. |
| 520 | 3 |aLe rapport présente les activités et les analyses de la Table de concertation de l'agriculture et de l'agro-alimentaire. Il décrit des options permettant de réduire les émissions agricoles nettes de GES dans le cadre d'une stratégie nationale visant à remplir les engagements pris en vertu du Protocole de Kyoto. Les options relatives au secteur de la transformation des aliments sont présentées dans un autre document.--Introduction |
| 563 | |aReliure à spirale |
| 590 | |a00-30|b2000-07-28 |
| 691 | 07|aSecteur agricole|2gcpds |
| 691 | 07|aGestion de l'environnement|2gcpds |
| 691 | 07|aLutte contre la pollution|2gcpds |
| 691 | 07|aClimat|2gcpds |
| 775 | 08|tOptions report: reducing greenhouse gas emissions from Canadian agriculture / |w(CaOODSP)9.647838 |
| 776 | 0#|tRapport sur les options: réduire les émissions de gaz à effet de serre issues de l'agriculture canadienne / |w(CaOODSP)9.637682 |
| 986 | |aPublication 2028. |